Essentials of Pharmacy Management (Record no. 607)

MARC details
000 -LEADER
fixed length control field 00744pam a2200253 a 4500
001 - CONTROL NUMBER
control field 4871058
003 - CONTROL NUMBER IDENTIFIER
control field OSt
005 - DATE AND TIME OF LATEST TRANSACTION
control field 20180503181422.0
008 - FIXED-LENGTH DATA ELEMENTS--GENERAL INFORMATION
fixed length control field 921203s1993 moua b 001 0 eng
010 ## - LIBRARY OF CONGRESS CONTROL NUMBER
LC control number 92044282
020 ## - INTERNATIONAL STANDARD BOOK NUMBER
International Standard Book Number 0801665132
040 ## - CATALOGING SOURCE
Original cataloging agency DLC
Transcribing agency DLC
Modifying agency DLC
050 00 - LIBRARY OF CONGRESS CALL NUMBER
Classification number RS100
Item number .T66 1993
082 00 - DEWEY DECIMAL CLASSIFICATION NUMBER
Classification number QV 737 T641e 1993
Edition number 20
100 1# - MAIN ENTRY--PERSONAL NAME
Personal name Tootelian, Dennis H.; Gaedeke, Ralph M.
9 (RLIN) 1568
245 10 - TITLE STATEMENT
Title Essentials of Pharmacy Management
260 ## - PUBLICATION, DISTRIBUTION, ETC. (IMPRINT)
Place of publication, distribution, etc. St. Louis;
Name of publisher, distributor, etc. Mosby,
Date of publication, distribution, etc. c1993.
300 ## - PHYSICAL DESCRIPTION
Extent xxi, 408 p. :
Other physical details ill. ;
Dimensions 25 cm.
504 ## - BIBLIOGRAPHY, ETC. NOTE
Bibliography, etc Includes bibliographical references and index.
650 #0 - SUBJECT ADDED ENTRY--TOPICAL TERM
Topical term or geographic name as entry element Pharmacy
9 (RLIN) 1569
650 #0 - SUBJECT ADDED ENTRY--TOPICAL TERM
Topical term or geographic name as entry element Drug management
9 (RLIN) 12646
906 ## - LOCAL DATA ELEMENT F, LDF (RLIN)
a 7
b cbc
c orignew
d 1
e ocip
f 19
g y-gencatlg
942 ## - ADDED ENTRY ELEMENTS (KOHA)
Source of classification or shelving scheme Other/Generic Classification Scheme
Koha item type Short Loan
Holdings
Withdrawn status Lost status Source of classification or shelving scheme Damaged status Not for loan Home library Current library Date acquired Source of acquisition Inventory number Total Checkouts Full call number Barcode Date last seen Price effective from Koha item type
    Other/Generic Classification Scheme     MUST Main Library MUST Main Library 28/10/2014 Purchase 2005/23658   QV 737 T641e 1993 2014-3155 28/10/2014 28/10/2014 Short Loan